000 00610nam a2200193 i 4500
001 21512
003 ES-MaACL
005 20240529062940.0
007 t|
008 021126s1972 sp ||||1| spa d
100 0 _aAlbornoz, Aurora de,
_d1926-1990
_919411
245 1 0 _aPalabras desatadas... /
_cAurora de Albornoz.
260 _aMálaga :
_bLibrería Anticuaria El Guadalorce,
_c1972.
300 _a21 p. ;
_c22 cm.
490 1 _aCuadernos de María Isabel ;
_v30
830 0 _aCuadernos de María Isabel ;
_v30
_9228959
852 _aES-MaACL
_j2082-F-20
_bR.87694
999 _c21512
_d21512